| 000 | 00515nam a22001697a 4500 | ||
|---|---|---|---|
| 003 | SISC | ||
| 005 | 20160321095248.0 | ||
| 008 | 140429b xxu||||| |||| 00| 0 eng d | ||
| 020 | _a0226451178 | ||
| 050 |
_aLB 2395 _b.K6 1993 |
||
| 100 | _aKornhauser, Arthur William | ||
| 245 |
_aHow to study : _bsuggestion for high school and college students / _cArthur W. Kornhauser. |
||
| 260 |
_aLondon : _bThe University of Chicago Press, Ltd, _c1993. |
||
| 300 |
_a55 p. : _c19 cm. |
||
| 942 |
_2lcc _cBK |
||
| 999 |
_c115561 _d115561 |
||